| 000 -LEADER |
| fixed length control field |
00813 a2200229 4500 |
| 008 - FIXED-LENGTH DATA ELEMENTS--GENERAL INFORMATION |
| fixed length control field |
230703b ||||| |||| 00| 0 eng d |
| 020 ## - INTERNATIONAL STANDARD BOOK NUMBER |
| International Standard Book Number |
9789332587908 |
| Terms of availability |
Rs999.00 |
| 041 0# - LANGUAGE CODE |
| Language code of text/sound track or separate title |
eng |
| 082 00 - DEWEY DECIMAL CLASSIFICATION NUMBER |
| Classification number |
670.42 |
| Item number |
K148 |
| 100 ## - MAIN ENTRY--PERSONAL NAME |
| Personal name |
Kalpakjian, Serope |
| 9 (RLIN) |
5594 |
| 245 ## - TITLE STATEMENT |
| Title |
Manufacturing Engineering and Technology / |
| 250 ## - EDITION STATEMENT |
| Edition statement |
7th ed. / SI edition contributed by K.S. Vijay Sekar ; SI edition contributed by K.S. Vijay Sekar |
| 260 ## - PUBLICATION, DISTRIBUTION, ETC. (IMPRINT) |
| Place of publication, distribution, etc |
Noida : |
| Name of publisher, distributor, etc |
Pearson india education services pvt. ltd., |
| Date of publication, distribution, etc |
2023. |
| 300 ## - PHYSICAL DESCRIPTION |
| Extent |
xxxii, 1180 p. : |
| Other physical details |
ill. ; |
| Dimensions |
26 cm. |
| 500 ## - GENERAL NOTE |
| General note |
SI |
| 504 ## - BIBLIOGRAPHY, ETC. NOTE |
| Bibliography, etc |
Includes index. |
| 650 #0 - SUBJECT ADDED ENTRY--TOPICAL TERM |
| Topical term or geographic name as entry element |
Production Engineering |
|
| Topical term or geographic name as entry element |
Manufacturing Technology |
| 700 ## - ADDED ENTRY--PERSONAL NAME |
| 9 (RLIN) |
5595 |
| Personal name |
Schmid, Steven R. |
|
| 9 (RLIN) |
5596 |
| Personal name |
Sekar, K. S. Vijay |
| 942 ## - ADDED ENTRY ELEMENTS (KOHA) |
| Source of classification or shelving scheme |
|
| Item type |
Books |